| 000 | 00558nam a2200181 i 4500 | ||
|---|---|---|---|
| 001 | 21293 | ||
| 003 | ES-MaACL | ||
| 005 | 20230906152444.0 | ||
| 007 | t| | ||
| 008 | 021122s1961 sp ||||1| spa d | ||
| 100 | 1 |
_aAdams, John Crawford. _918394 |
|
| 245 | 1 | 0 |
_aManual de ortopedia / _cpor John Crawford Adams ; versión española de A. Viladot Perice. |
| 260 |
_aBarcelona : _bToray, _c1961. |
||
| 300 |
_aVIII, 481 p. : _bil. ; _c22 cm. |
||
| 650 | 4 |
_aOrtopedia. _9152852 |
|
| 700 | 1 |
_aViladot Perice, A. _9114756 |
|
| 852 |
_aES-MaACL _jC-20807 _bR.49086 |
||
| 999 |
_c21293 _d21293 |
||